000 00305nam a2200109 4500
008 160630b xxu||||| |||| 00| 0 eng d
100 _91548
_a Jain, R.K., et al
245 _aWell Done Guide English Core - XI
260 _aN.D
_bArya
_c2003
300 _aWell Done Guide English Core - XI
942 _2ddc
_cBK
999 _c1280
_d1280